<?xml version="1.0" encoding="UTF-8"?>
<marc:record xmlns:marc="http://www.loc.gov/MARC21/slim">
   <marc:leader>00000nam a2200000 a 4500</marc:leader>
   <marc:datafield ind1="1" ind2=" " tag="100">
      <marc:subfield code="a">Jones, Gemma</marc:subfield>
   </marc:datafield>
   <marc:datafield ind1="1" ind2=" " tag="100">
      <marc:subfield code="a">Secareanu, Alec</marc:subfield>
   </marc:datafield>
   <marc:datafield ind1="1" ind2=" " tag="100">
      <marc:subfield code="a">O'Connor, Josh</marc:subfield>
   </marc:datafield>
   <marc:datafield ind1="1" ind2=" " tag="100">
      <marc:subfield code="a">Lee, Francis</marc:subfield>
   </marc:datafield>
   <marc:datafield ind1=" " ind2=" " tag="653">
      <marc:subfield code="a">Gender</marc:subfield>
   </marc:datafield>
   <marc:datafield ind1=" " ind2=" " tag="653">
      <marc:subfield code="a">Monokel-Filmbibliothek</marc:subfield>
   </marc:datafield>
   <marc:datafield ind1=" " ind2=" " tag="653">
      <marc:subfield code="a">Diversity</marc:subfield>
   </marc:datafield>
   <marc:datafield ind1="0" ind2="0" tag="245">
      <marc:subfield code="a">God's own country</marc:subfield>
   </marc:datafield>
   <marc:datafield ind1="0" ind2="0" tag="245">
      <marc:subfield code="c">Ein Film von Francis Lee. Darst.: Josh O'Connor, Alec Secareanu, Gemma Jones ...</marc:subfield>
   </marc:datafield>
   <marc:datafield ind1=" " ind2="1" tag="264">
      <marc:subfield code="a">Berlin</marc:subfield>
      <marc:subfield code="b">Salzgeber</marc:subfield>
      <marc:subfield code="c">2019</marc:subfield>
   </marc:datafield>
   <marc:datafield ind1="1" ind2=" " tag="490">
      <marc:subfield code="a">Edition Salzgeber</marc:subfield>
      <marc:subfield code="v">D526</marc:subfield>
   </marc:datafield>
   <marc:datafield ind1="1" ind2=" " tag="520">
      <marc:subfield code="a">Das Leben des 24-jährigen Johnny ist karg und einsam. Er wohnt und arbeitet auf der abgelegenen Schafsfarm seiner Familie im Norden Englands. Zwischen ihm, seinem kranken Vater und der stoischen Großmutter fallen nur wenige, grobe Worte. Um seine Frustration zu betäuben, betrinkt er sich jeden Abend im nahe gelegenen Pub und hat ab und zu unverbindlichen Sex mit jungen Männern. Als im Frühjahr der gleichaltrige Saisonarbeiter Gheorghe aus Rumänien auf die Farm kommt, ist Johnny zunächst misstrauisch und mürrisch. Doch je mehr Zeit die beiden jungen Männer während der harten Farmarbeit miteinander verbringen, desto intensiver wird ihre Beziehung. Aus flüchtigen Blicken und Gesten werden Berührungen, bis sie in der Abgeschiedenheit eines Camps in den Hochmooren das erste Mal Sex miteinander haben. Johnny begehrt Gheorghe aber nicht nur körperlich, er fühlt bei ihm auch eine Geborgenheit, die er zuvor nicht kannte. Doch was passiert, wenn die Saison zu Ende ist und Gheorghe zurück nach Rumänien muss?</marc:subfield>
   </marc:datafield>
   <marc:datafield ind1=" " ind2=" " tag="020">
      <marc:subfield code="a">4040592006611</marc:subfield>
      <marc:subfield code="9">4040592006611</marc:subfield>
   </marc:datafield>
   <marc:datafield ind1="3" ind2=" " tag="024">
      <marc:subfield code="a">4040592006611</marc:subfield>
   </marc:datafield>
   <marc:datafield ind1="0" ind2=" " tag="490">
      <marc:subfield code="v">0</marc:subfield>
   </marc:datafield>
   <marc:datafield ind1="1" ind2=" " tag="521">
      <marc:subfield code="a">FSK ab 12 freigegeben</marc:subfield>
   </marc:datafield>
   <marc:datafield ind1="1" ind2=" " tag="521">
      <marc:subfield code="a">12</marc:subfield>
   </marc:datafield>
   <marc:datafield ind1=" " ind2=" " tag="338">
      <marc:subfield code="a">Videodisk</marc:subfield>
   </marc:datafield>
   <marc:datafield ind1=" " ind2=" " tag="300">
      <marc:subfield code="a">1 DVD</marc:subfield>
   </marc:datafield>
</marc:record>
